The role of local institutions in reducing vulnerability to recurrent natural disasters and in sustainable livelihoods development : (Record no. 15485)

000 -LEADER
fixed length control field 01269cam a22002297a 4500
020 ## - INTERNATIONAL STANDARD BOOK NUMBER
ISBN 9789251056363
020 ## - INTERNATIONAL STANDARD BOOK NUMBER
ISBN 9251056366
040 ## - CATALOGING SOURCE
Transcribing agency FQG
082 ## - DEWEY DECIMAL CLASSIFICATION NUMBER
Classification number 338 ASI 2006 A077 Or.
245 04 - TITLE STATEMENT
Title The role of local institutions in reducing vulnerability to recurrent natural disasters and in sustainable livelihoods development :
Remainder of title Philippines /
260 ## - PUBLICATION, DISTRIBUTION, ETC. (IMPRINT)
Place of publication Rome :
Name of publisher Asian Disaster Preparedness Center, Food and Agriculture Organization of the United Nations,
Year of publication 2006.
300 ## - PHYSICAL DESCRIPTION
Number of Pages viii, 62 p. :
Other physical details col. ill., maps ;
Dimensions 30 cm.
500 ## - GENERAL NOTE
General note "Case study"--Cover.
520 ## - SUMMARY, ETC.
Summary, etc This case study was commissioned by the FAO Rural Institutions and Participation Service. Its in-depth look at the situation in a disaster-prone area of the Philippines contributes to the understanding of the impact of local institutions on the design and implementation of disaster risk management strategies, as well as the role of local authorities in building community social capital for disaster prevention and preparedness.
650 #0 - SUBJECT ADDED ENTRY--TOPICAL TERM
Topical Term Disaster relief
650 #0 - SUBJECT ADDED ENTRY--TOPICAL TERM
Topical Term Emergency management
650 #0 - SUBJECT ADDED ENTRY--TOPICAL TERM
Topical Term Typhoons
700 1# - ADDED ENTRY--PERSONAL NAME
Personal name Baas, Stephan.
710 2# - ADDED ENTRY--CORPORATE NAME
Corporate name or jurisdiction name as entry element Asian Disaster Preparedness Center.
710 2# - ADDED ENTRY--CORPORATE NAME
Corporate name or jurisdiction name as entry element Food and Agriculture Organization of the United Nations.
942 ## - ADDED ENTRY ELEMENTS (KOHA)
Koha item type សៀវភៅភាសាអង់គ្លេស
952 ## - LOCATION AND ITEM INFORMATION (KOHA)
Withdrawn status [LOCAL, KOHA] 0
Holdings
Permanent Location Date acquired Koha item type Lost status Shelving location Barcode Current Location Full call number
Library Block A2017-11-27សៀវភៅភាសាអង់គ្លេស A077RUA058298Library Block A338 ASI 2006 A077 Or.
មជ្ឈមណ្ឌលឯការនៃសាកលវិទ្យាល័យភូមិន្ទកសិកម្មចំការដូង

Powered by Koha